| 000 | 00712nam a2200181Ia 4500 | ||
|---|---|---|---|
| 003 | GCL | ||
| 008 | 140319s9999 xx 000 0 ara d | ||
| 040 |
_aGCL / _cGCL |
||
| 082 | 0 | 4 |
_a610.9 _bر ك |
| 100 | 1 | _aالرازى ، ابو بكر محمد بن زكريا | |
| 245 | 1 | 0 |
_aكتاب القولنج مع دراسة مقابله لرسالة ابن سينا فى القولنج / _cالرازى ، ابو بكر محمد بن زكريا |
| 700 | 1 | _aصبحى محمود حمامى (تحقيق وترجم) | |
| 300 | _a274 | ||
| 490 |
_aمصادر ودراسات فى تاريخ الطب العربى _v0 |
||
| 650 | 0 | 4 | _aالطب العربى |
| 650 | 0 | 4 | _aالعلوم عند العرب |
| 942 |
_2ddc _cBK |
||
| 999 |
_c44110 _d44110 |
||